<?xml version="1.0" encoding="UTF-8"?>
<collection xmlns="http://www.loc.gov/MARC21/slim">
 <record>
  <leader>01222nam a22002291  4500</leader>
  <controlfield tag="001">1/49537</controlfield>
  <controlfield tag="008">990217s1975    gr             000  gre  </controlfield>
  <datafield tag="035" ind1=" " ind2=" ">
   <subfield code="l">4</subfield>
  </datafield>
  <datafield tag="040" ind1=" " ind2=" ">
   <subfield code="a">GR-PeUP</subfield>
  </datafield>
  <datafield tag="082" ind1="0" ind2="0">
   <subfield code="a">885.01 ΙΣ</subfield>
  </datafield>
  <datafield tag="100" ind1="1" ind2=" ">
   <subfield code="a">Ισοκράτης,</subfield>
   <subfield code="d">436-338 π.Χ.</subfield>
  </datafield>
  <datafield tag="245" ind1="1" ind2="0">
   <subfield code="a">Ισοκράτους λόγοι/</subfield>
   <subfield code="c">εισ.-μετ.-σημ. Νικ. Εμμ. Φραγκίσκου, Κ. Θ. Αραπόπουλου, Γ. Ζευγώλη.</subfield>
  </datafield>
  <datafield tag="260" ind1=" " ind2=" ">
   <subfield code="a">[Αθήνα]:</subfield>
   <subfield code="b">Πάπυρος,</subfield>
   <subfield code="c">[1975].</subfield>
  </datafield>
  <datafield tag="300" ind1=" " ind2=" ">
   <subfield code="a">3τ.;</subfield>
   <subfield code="c">21εκ.</subfield>
  </datafield>
  <datafield tag="490" ind1="1" ind2=" ">
   <subfield code="a">Τα Απαντα των Αρχαίων Ελλήνων Συγγραφέων ;</subfield>
  </datafield>
  <datafield tag="600" ind1="1" ind2="4">
   <subfield code="a">Ισοκράτης,</subfield>
   <subfield code="d">436-338 π.Χ.</subfield>
  </datafield>
  <datafield tag="650" ind1=" " ind2="4">
   <subfield code="a">Ελληνική γλώσσα, Αρχαία.</subfield>
  </datafield>
  <datafield tag="651" ind1=" " ind2="4">
   <subfield code="a">Ελλάδα, Αρχαία</subfield>
   <subfield code="x">Λόγοι, Δοκίμια, Διαλέξεις.</subfield>
  </datafield>
  <datafield tag="830" ind1=" " ind2=" ">
   <subfield code="a">Τα Απαντα των Αρχαίων Ελλήνων Συγγραφέων.</subfield>
  </datafield>
  <datafield tag="852" ind1=" " ind2=" ">
   <subfield code="a">INST</subfield>
   <subfield code="b">UNIPILB</subfield>
   <subfield code="c">MAIN</subfield>
   <subfield code="e">20040709</subfield>
   <subfield code="h">885.01 ΙΣ</subfield>
   <subfield code="p">00130350</subfield>
   <subfield code="q">00130350</subfield>
   <subfield code="t">LOAN</subfield>
   <subfield code="v">τ.1:</subfield>
   <subfield code="y">0</subfield>
   <subfield code="z">τ.1</subfield>
   <subfield code="4">1</subfield>
  </datafield>
  <datafield tag="852" ind1=" " ind2=" ">
   <subfield code="a">INST</subfield>
   <subfield code="b">UNIPILB</subfield>
   <subfield code="c">MAIN</subfield>
   <subfield code="e">20040709</subfield>
   <subfield code="h">885.01 ΙΣ</subfield>
   <subfield code="p">00130351</subfield>
   <subfield code="q">00130351</subfield>
   <subfield code="t">LOAN</subfield>
   <subfield code="v">τ.2:</subfield>
   <subfield code="y">0</subfield>
   <subfield code="z">τ.2</subfield>
   <subfield code="4">2</subfield>
  </datafield>
  <datafield tag="852" ind1=" " ind2=" ">
   <subfield code="a">INST</subfield>
   <subfield code="b">UNIPILB</subfield>
   <subfield code="c">MAIN</subfield>
   <subfield code="e">20040709</subfield>
   <subfield code="h">885.01 ΙΣ</subfield>
   <subfield code="p">00130352</subfield>
   <subfield code="q">00130352</subfield>
   <subfield code="t">LOAN</subfield>
   <subfield code="v">τ.3:</subfield>
   <subfield code="y">0</subfield>
   <subfield code="z">τ.3</subfield>
   <subfield code="4">3</subfield>
  </datafield>
 </record>
</collection>
